000 00814pam a2200265 a 4500
008
020 _a0397513054 (hbk.)
049 _aMAIN
090 _aRD731
_bOPE
245 0 0 _aOperative orthopaedics :
_bvolume 2 /
_cedited by Michael W. Chapman [and] Michael Madison.
250 _a2nd ed.
260 _aPhiladelphia :
_bJ.B. Lippincott Co.,
_cc1993.
300 _a4 v. (xl, 3512, 91 p.) :
_bill. ;
_c29 cm.
504 _aIncludes bibliographical references.
500 _aIncludes index.
650 0 _aOrthopedic surgery.
650 2 _aOrthopedics.
700 1 _aChapman, Michael W.
700 1 _aMadison, Michael,
_d1947-
907 _a.b1033421x
_b30-07-13
_c17-07-13
003
005 20230120204130.0
040 _cNUST
942 _cBOOKS
_kRD731
_mOPE
999 _c117718
_d117718